LEADER 00878nam a22002411i 4500 001 991002419829707536 005 20030613212429.0 008 030925s1968 it |||||||||||||||||ita 035 $ab12286205-39ule_inst 035 $aARCHE-033377$9ExL 040 $aBiblioteca Interfacoltà$bita$cA.t.i. Arché s.c.r.l. Pandora Sicilia s.r.l. 082 04$a378 110 2 $aUniversità degli Studi $0254748 245 10$aStatuto /$cUniversità degli studi di Bologna 260 $aBologna :$b[s.n.],$c1968 300 $a1 v. ;$c23 cm 650 4$aBologna$xUniversità$xStatuti 907 $a.b12286205$b02-04-14$c08-10-03 912 $a991002419829707536 945 $aLE002 Busta B 37/4$g1$i2002000771476$lle002$o-$pE0.00$q-$rl$s- $t0$u0$v0$w0$x0$y.i12679471$z08-10-03 996 $aStatuto$9162736 997 $aUNISALENTO 998 $ale002$b08-10-03$cm$da $e-$fita$git $h0$i1 LEADER 01228cam0-22004571i-450 001 990007429640403321 005 20230707114224.0 010 $a88-14-04724-3 035 $a000742964 035 $aFED01000742964 035 $a(Aleph)000742964FED01 035 $a000742964 100 $a20030514d1994----km-y0itay50------ba 101 0 $aita 102 $aIT 105 $ay---n---001yy 200 1 $aManuale di diritto dell'energia$fGiovanni G. Gentile, Paolo Gonnelli 210 $aMilano$cGiuffrè$d1994 215 $aXV, 576 p.$d24 cm 610 0 $aEnergia$aLegislazione 610 0 $aEnergia$aDiritto 676 $a343$v11 rid.$zita 676 $a340 676 $a341.755 676 $a346.046 791 6 700 1$aGentile,$bGiovanni G.$07997 701 1$aGonnelli,$bPaolo$07998 801 0$aIT$bUNINA$gRICA$2UNIMARC 901 $aBK 912 $a990007429640403321 952 $aXXVIII 267$b178$fDDCIC 952 $a22-T-85$b6587$fDDCP 952 $aVI D 849$b3458$fDDA 952 $a13 M 14 21$b8198$fFINBC 952 $a13 M 73 01$b7851$fFINBC 959 $aDDCIC 959 $aDDA 959 $aDDCP 959 $aFINBC 996 $aManuale di diritto dell'energia$9103359 997 $aUNINA